00250nam a2200097Ia 4500008004100000041000800041100001700049245005800066650000900124999001900133230605s9999 xx 000 0 und d aeng aAbbott/lewry aFront office procedures social skill yield management aF.O. c417033d417033